Ont-ils déjà joué avec... Jared Leto ? - Statistiques

Statistiques générales
  • Ce quiz a été pris 7 fois
  • Le résultat moyen est 1 sur 10
Answers on the Grid
Answers color-coded by a green-red scale on the quiz's grid according to % correct below.
Shia LaBeouf
Patricia Arquette
Faye Dunaway
Christian Bale
Susan Sarandon
Bob Dylan
Woody Harrelson
Cate Blanchett
Salma Hayek
Paul Rudd
Gérard Depardieu
Olivia Wilde
Johnny Depp
Forest Whitaker
John Travolta
Winona Ryder
Danny Glover
Lindsay Lohan
Jake Gyllenhaal
Jason Bateman
 
Statistiques - réponses
Réponse % Correct
Christian Bale
43%
Jake Gyllenhaal
29%
Danny Glover
14%
Forest Whitaker
14%
Jason Bateman
14%
Lindsay Lohan
14%
Woody Harrelson
14%
John Travolta
0%
Salma Hayek
0%
Winona Ryder
0%
Aucun quiz correspondant
Distribution des résultats
% des personnes avec chaque résultat
Percentile par nombre de réponses
Votre historique - résultats
Vous n’avez pas pris ce quiz